Statistieken voor Meest beklommen beklimmingen uit de Ronde van Italië

Klik hier om de quiz te nemen!

Algemene statistieken

  • Deze quiz is 4 keer genomen
  • De gemiddelde score is 1 van 25

Antwoordstatistieken

#CatGebergteStartplaatsTipBeklimming% Correct
19BCAlpenOulxSColle del {Sestriere}
50%
131DolomietenGrosioMPasso del {Mortirolo}
50%
22BCDolomietenPonte GardenaGPasso di {Gardena}
25%
181ApennijnenPieve PelagoAAbetone
0%
111DolomietenDontSForcella {Staulanza}
0%
141AlpenTrentoBMonte {Bondone}
0%
131DolomietenTresendaAPasso {Aprica}
0%
212ApennijnenDeiva MarinaBPasso del {Braco}
0%
151DolomietenPelos di CadoreMPasso della {Mauria}
0%
141DolomietenAppianoMPasso della {Mendola}
0%
112ApennijnenLercaMPasso del {Muraglione}
0%
281DolomietenFucineTPasso del {Tonale}
0%
151DolomietenPederoaCPasso di {Campolongo}
0%
131DolomietenCardanoPPasso di {Costalunga}
0%
16BCDolomietenPordoiSPasso di {Sella}
0%
19BCDolomietenCortina d'AmpezzoFPasso {Falzarego}
0%
40BCDolomietenCanazeiPPasso {Pordio}
0%
231DolomietenFicra di PrimeroRPasso {Rolle}
0%
131DolomietenCencenigheSPPasso {San Pelegrino}
0%
111DolomietenCa San MarcoCPasso tre {Croci}
0%
141ApennijnenPonte sul SangroRRoccarso
0%
152ApennijnenTorelloSMSan Marino
0%
181ApennijnenLeonessaTTerminillo
0%
192ApennijnenVandraMValico de {Macerone}
0%
181ApennijnenVandraRSValico {Rionero Sannitico}
0%

Scoreverdeling

Percentiel versus Aantal Correcte Antwoorden

Procent van Mensen met Elke Score

Uw Scoregeschiedenis

U heeft deze quiz nog niet genomen